| 000 | 01511nam a2200277Ma 4500 | ||
|---|---|---|---|
| 999 |
_c9894 _d9894 |
||
| 001 | 590090872 | ||
| 003 | OCoLC | ||
| 005 | 20210130165926.0 | ||
| 008 | 950725q18641893pau j 000 0 eng d | ||
| 035 | _a(OCoLC)590090872 | ||
| 040 |
_aPLF _cPLF _dBSC |
||
| 092 |
_a220.09 _bB582a, 1864 |
||
| 245 | 0 | 4 | _aThe Bible in many tongues. |
| 260 |
_aPhiladelphia : _bAmerican Sunday-School Union, no. 316 Chestnut Street ; _aLondon, : _bReligious Tract Society, _c[between 1864 and 1893?] |
||
| 300 |
_a192 p. ; _c15 cm. |
||
| 490 | 1 | _aVillage and family library | |
| 500 | _aNote on verso t.p. states: The American Sunday-School Union have made an arrangement with the London Religious Tract Society, to publish, concurrently with them, such of their valuable works as are best suited to our circulation. | ||
| 500 | _aThe American Sunday-School Union was at this address from 1854 to 1857. | ||
| 500 | _aThis title was listed in American Sunday-School Union catalogues from Jan. 1854 to Jan. 1857; "The Bible in many tongues" and "Our English Bible," bound together, were listed as part of the "Village and family library" from 1864 to at least 1870, but were not listed in 1893. | ||
| 500 | _aBinding: Leather spine and marbled boards. | ||
| 501 | _aWith: Our English Bible. Philadelphia : American Sunday-School Union, [between 1864 and 1893?]. | ||
| 710 | 2 | _aAmerican Sunday-School Union. | |
| 710 | 2 | _aReligious Tract Society (Great Britain) | |
| 830 | 0 | _aVillage and family library. | |
| 942 |
_2ddc _cBK |
||